000 002410000a22000970004500
100 1 _aMacDonald, Fergus
245 1 0 _aChristian global growth growing
300 _aNúm 79 (1997), Páginas 18-19
773 0 _tWorld Evangelization
942 _cANA
999 _c57515
_d57515